[Event "Chess.com Rapid Wk13 Swiss"]
[Site "Chess.com INT"]
[Date "2022.05.07"]
[Round "5"]
[White "Nakamura, Hikaru"]
[Black "Giri, Anish"]
[Result "1-0"]
[WhiteElo "2766"]
[BlackElo "2761"]
[PlyCount "119"]
[EventDate "2022.05.07"]
[EventType "swiss (rapid)"]
[EventRounds "9"]
[EventCountry "USA"]
[SourceTitle "CBM 208 Extra"]
[Source "ChessBase"]
[SourceDate "2022.07.31"]
[SourceVersion "1"]
[SourceVersionDate "2022.07.31"]
[SourceQuality "1"]

1. Nf3 d5 2. e3 Nf6 3. b3 Bf5 4. d3 $146 ({RR} 4. d4 e6 5. Bd3 Bg6 6. Bxg6 hxg6 7. Nbd2 Nbd7 8. a4 c6 9. Ba3 Bxa3 10. Rxa3 Qa5 11. O-O Ne4 12. b4 Qc7 13. g3 Qd6 14. Nxe4 dxe4 15. Nd2 Qd5 16. c4 Qf5 17. f3 Qh5 18. Rf2 f5 {Tomic,M (1850)-Tokovic,S (2278) Subotica 2007 ½-½ (56)}) ({RR} 4. Be2 h6 5. Ba3 Nbd7 6. c4 e6 7. Bxf8 Nxf8 8. O-O N8d7 9. Nc3 O-O 10. d4 a5 11. a3 Qe7 12. Qc1 c6 13. Qb2 Bg4 14. h3 Bxf3 15. Bxf3 Rfd8 16. Rfd1 Nb6 17. Be2 Nc8 18. c5 b5 {So,W (2778)-Giri,A (2777) chess24.com INT 2021 0-1}) ({RR} 4. Be2 e6 5. Nh4 Bg6 6. d3 c5 7. Nd2 Nc6 8. Bb2 Bd6 9. g3 Qe7 10. Bf3 O-O 11. Nxg6 fxg6 12. O-O Be5 13. c3 Bd6 14. c4 Ne5 15. Qe2 Nxf3+ 16. Nxf3 Rae8 17. e4 Bc7 18. exd5 exd5 {Santos Ruiz,M (2601)-Nanjo,R (2346) chess.com INT 2024 1-0 (51)}) ({RR} 4. g3 h6 5. Bg2 e6 6. O-O Nbd7 7. Bb2 Be7 8. d3 O-O 9. Qe2 c6 10. Nbd2 a5 11. a3 Bh7 12. e4 b5 13. Rfe1 Qb6 14. Ne5 Nxe5 15. Bxe5 dxe4 16. Nxe4 Bxe4 17. Bxe4 Rfd8 18. Bg2 Rac8 {Nakamura,H (2768)-Vasquez Schroder,R (2518) Chess.com INT 2022 ½-½ (64)}) 4... h6 5. Ba3 Nbd7 6. g3 e6 7. Bxf8 Nxf8 8. Bg2 N8d7 9. O-O O-O 10. Nbd2 Bh7 11. Qe2 c6 12. Rfd1 Qe7 13. c4 Nc5 14. Ne1 Rfd8 15. Rac1 a5 16. d4 Nce4 17. Nf1 a4 18. c5 axb3 19. axb3 Nd7 20. b4 Ra3 21. Qb2 Rda8 22. Ra1 Rxa1 23. Rxa1 Qd8 24. f3 Nef6 25. Nd2 Rb8 26. Ra7 b6 27. Qc3 bxc5 28. bxc5 Ne8 29. Bf1 Bg6 30. Bd3 Bxd3 31. Nxd3 Ra8 32. Qa3 Rxa7 33. Qxa7 Qc7 34. Qa8 Kf8 35. Nb3 e5 36. Na5 e4 37. fxe4 dxe4 38. Nf2 Nb8 39. Nc4 f5 40. g4 f4 41. Nxe4 fxe3 42. Ne5 e2 43. Kf2 Qd8 44. Nf3 Nc7 45. Qa2 Nd5 46. Qxe2 Nd7 47. Nd6 N7f6 48. Qe6 Qd7 49. Qxd7 Nxd7 50. Nc4 Ke7 51. Nfe5 Nxe5 52. Nxe5 Nb4 53. Ke3 Kf6 54. Ke4 Kg5 55. Nxc6 Nxc6 56. d5 Na5 57. Ke5 Kg6 58. Ke6 Nb3 59. c6 Nd4+ 60. Kd7 1-0

[Event "Titled Tuesday intern op 10th May Early"]
[Site "Chess.com INT"]
[Date "2022.05.10"]
[Round "7"]
[White "Oparin, Grigoriy"]
[Black "Suleymanli, Aydin Elshan"]
[Result "1-0"]
[WhiteElo "2685"]
[BlackElo "2537"]
[PlyCount "61"]
[EventDate "2022.05.10"]
[EventType "swiss (blitz)"]
[EventRounds "11"]
[EventCountry "USA"]
[SourceTitle "CBM 208 Extra"]
[Source "ChessBase"]
[SourceDate "2022.07.31"]
[SourceVersion "1"]
[SourceVersionDate "2022.07.31"]
[SourceQuality "1"]

1. Nf3 d5 2. g3 Bg4 3. Bg2 Nd7 4. O-O c6 5. d3 e6 6. c4 Bd6 7. Nbd2 Ngf6 ({RR} 7... Ne7 8. Rb1 a5 9. cxd5 cxd5 10. Qa4 Bh5 11. Nb3 O-O 12. Be3 Qe8 13. Kh1 Nf5 14. Bd2 b6 15. Rfc1 Nc5 16. Nxc5 Bxc5 17. Qxe8 Rfxe8 18. e3 f6 19. d4 Bf8 20. Rc6 Nd6 21. Be1 Rab8 22. Nd2 {Dizdarevic,E (2540)-Kovacevic,V (2485) Zagreb 1993 ½-½ (71)}) 8. h3 $146 ({RR} 8. b3 a5 9. Bb2 a4 10. bxa4 Qa5 11. cxd5 cxd5 12. e4 O-O 13. h3 Bxf3 14. Nxf3 dxe4 15. dxe4 Be7 16. Qe2 Qxa4 17. Rfd1 Nc5 18. e5 Nd5 19. Nd4 Nb6 20. Nb5 Qc4 21. Qxc4 Nxc4 22. Bd4 Ra5 {Stein,L-Nei,I Parnu 1971 1-0 (49)}) ({RR} 8. a3 a5 9. Rb1 Qe7 10. h3 Bh5 11. g4 Bg6 12. Nh4 O-O 13. Nxg6 hxg6 14. e3 Rab8 15. d4 b5 16. c5 Bc7 17. f4 a4 18. b4 axb3 19. Rxb3 Ra8 20. g5 Nh5 21. Qg4 Ra4 22. Nf3 Rfa8 {Shapiro,V (2113)-Yurovskykh,O (2328) chess.com INT 2024 0-1 (71)}) 8... Bh5 9. b3 a5 10. a3 a4 11. b4 O-O 12. Bb2 e5 13. e4 dxe4 14. dxe4 c5 15. b5 Ne8 16. Nb1 Nb6 17. g4 Bg6 18. Nxe5 Bxe5 19. Bxe5 Nxc4 20. Bg3 Ned6 21. Nc3 Re8 22. Qd5 Qa5 23. Rfc1 Red8 24. e5 Nb6 25. Qxc5 Ndc4 26. Nd5 Nxd5 27. Qxc4 Nb6 28. Qc7 Qxb5 29. e6 fxe6 30. Qxb7 Rab8 31. Bxb8 1-0

[Event "Titled Tuesday intern op 10th May Early"]
[Site "Chess.com INT"]
[Date "2022.05.10"]
[Round "10"]
[White "Carlsen, Magnus"]
[Black "Maghsoodloo, Parham"]
[Result "1-0"]
[WhiteElo "2864"]
[BlackElo "2699"]
[PlyCount "97"]
[EventDate "2022.05.10"]
[EventType "swiss (blitz)"]
[EventRounds "11"]
[EventCountry "USA"]
[SourceTitle "CBM 208 Extra"]
[Source "ChessBase"]
[SourceDate "2022.07.31"]
[SourceVersion "1"]
[SourceVersionDate "2022.07.31"]
[SourceQuality "1"]

1. b3 d5 2. Bb2 Bf5 3. Nf3 h6 4. g3 Nd7 5. Bg2 Ngf6 6. O-O c6 7. d3 Qc7 8. Nbd2 $146 ({RR} 8. c4 e6 9. Nbd2 Be7 10. Re1 O-O 11. e4 dxe4 12. dxe4 Bg4 13. h3 Bxf3 14. Nxf3 Rfd8 15. Qc2 a5 16. e5 Ne8 17. Bc3 Bb4 18. a3 Bxc3 19. Qxc3 Nf8 20. Rad1 c5 21. h4 Rxd1 22. Rxd1 Rd8 {Kekki,J (2177)-Mavritchev,J Helsinki 2002 ½-½ (40)}) 8... e5 9. Re1 Be7 10. c4 d4 11. e3 dxe3 12. Rxe3 Ng4 13. Re1 O-O 14. h3 Nxf2 15. Kxf2 Nc5 16. Bf1 Bxd3 17. Bxe5 Qd7 18. Kg2 Rad8 19. Bd4 Bf5 20. Kh2 Ne6 21. Bc3 Ng5 22. h4 Nxf3+ 23. Qxf3 Bg4 24. Qf2 Bf6 25. Ne4 Bxc3 26. Nxc3 f5 27. Bg2 f4 28. gxf4 Qc7 29. Re4 Rd3 30. Ne2 Qd6 31. Re1 Rd2 32. c5 Qd8 33. Qg3 h5 34. Ng1 Rxa2 35. Nh3 Qd2 36. Ng5 Rc2 37. Re8 Rc3 38. Rxf8+ Kxf8 39. Ne4 Rxg3 40. Nxd2 Rd3 41. Nc4 Rxb3 42. Nd6 g6 43. Re8+ Kg7 44. Re7+ Kf6 45. Rxb7 Rxb7 46. Nxb7 Bc8 47. Na5 Bd7 48. Nxc6 a6 49. Kg3 1-0

[Event "Chess.com Rapid Wk14 Swiss"]
[Site "Chess.com INT"]
[Date "2022.05.14"]
[Round "3"]
[White "Sankalp, Gupta"]
[Black "Fedoseev, Vladimir1"]
[Result "1-0"]
[WhiteElo "2505"]
[BlackElo "2701"]
[PlyCount "69"]
[EventDate "2022.05.14"]
[EventType "swiss (rapid)"]
[EventRounds "9"]
[EventCountry "USA"]
[SourceTitle "CBM 208 Extra"]
[Source "ChessBase"]
[SourceDate "2022.07.31"]
[SourceVersion "1"]
[SourceVersionDate "2022.07.31"]
[SourceQuality "1"]

1. Nf3 d5 2. e3 c5 3. Bb5+ Nd7 ({RR} 3... Bd7 4. a4 ({RR} 4. Qe2 Nc6 5. O-O Nf6 6. d3 e6 7. e4 dxe4 8. dxe4 a6 9. Bxc6 Bxc6 10. Nbd2 Be7 11. Ne5 Qc7 12. Nxc6 Qxc6 13. a4 O-O 14. a5 Rfd8 15. e5 Nd5 16. Nc4 Qb5 17. Qe4 Nb4 18. Be3) 4... e6 5. O-O Nf6 6. d3 Nc6 7. Nc3 Be7 8. e4 O-O 9. Bg5 Rc8 10. Re1 d4 11. Ne2 Nh5 12. Bd2 Bd6 13. Ng3 Nxg3 14. hxg3 e5 15. Nh4 Be6 16. Nf5 a6 17. Bc4 Bxc4 18. dxc4 {Harikrishna,P (2716)-Abdusattorov,N (2716) Viernheim GER 2023 ½-½ (34)}) ({RR} 3... Bd7 4. a4 e6 5. O-O Nf6 6. d3 Nc6 7. Nc3 Be7 8. e4 O-O 9. Bg5 Rc8 10. Re1 d4 11. Ne2 Nh5 12. Bd2 Bd6 13. Ng3 Nxg3 14. hxg3 e5 15. Nh4 Be6 16. Nf5 a6 17. Bc4 Bxc4 18. dxc4) 4. d4 ({RR} 4. b3 Ngf6 5. Bb2 a6 6. Be2 e6 7. O-O b5 8. c4 Be7 9. cxb5 axb5 10. Bxb5 O-O 11. d4 Ne4 12. Nbd2 Ndf6 13. a4 Nxd2 14. Nxd2 Ne4 15. Nxe4 dxe4 16. Qe2 cxd4 17. Bxd4 Qa5 18. Rac1 Ba3 {Norte,G (1876)-Cerqueira,P (1682) Golden Tower - R Dep. Lacerda 2025 1-0}) ({RR} 4. Nc3 Ngf6 5. O-O a6 6. Bxd7+ Qxd7 7. a4 b6 8. d4 e6 9. b3 Bd6 10. Bb2 O-O 11. Ne2 Bb7 12. Ne5 Qc7 13. Ng3 Rac8 14. c4 Ne4 15. Rc1 f6 16. Nd3 dxc4 17. bxc4 Qc6 18. Ne1 cxd4) ({RR} 4. c4 dxc4 ({RR} 4... e6 5. cxd5 exd5 6. d4 c4 7. O-O Ngf6 8. Nc3 a6 9. Bxd7+ Bxd7 10. e4 dxe4 11. Nd2 Bg4 12. Qc2 Qxd4 13. Re1 O-O-O 14. Ndxe4 Qd3 15. Qa4 Nxe4 16. Rxe4 Qxe4 17. Nxe4 Rd1+ 18. Qxd1 Bxd1) 5. O-O a6 6. Bxc4 e6 7. d4 Ngf6 8. Nc3 b5 9. Bb3 Bb7 10. d5 c4 11. dxe6 fxe6 12. Bc2 Qc7 13. a3 O-O-O 14. Qe2 Bd6 15. e4 Ng4 16. h3 Nh2 17. Nxh2 Bxh2+ 18. Kh1 Bf4) ({RR} 4. c4 e6 5. cxd5 exd5 6. d4 c4 7. O-O Ngf6 8. Nc3 a6 9. Bxd7+ Bxd7 10. e4 dxe4 11. Nd2 Bg4 12. Qc2 Qxd4 13. Re1 O-O-O 14. Ndxe4 Qd3 15. Qa4 Nxe4 16. Rxe4 Qxe4 17. Nxe4 Rd1+ 18. Qxd1 Bxd1 {Pulpan,J (2421)-Fedoseev,V (2664) Chess.com INT 2019 ½-½ (54)}) 4... Qa5+ $146 ({RR} 4... e6 5. O-O Ngf6 6. b3 Be7 7. Bb2 O-O 8. Nbd2 Qa5 9. Bd3 b5 10. a4 b4 11. Ne5 Bb7 12. f4 Rad8 13. Qf3 Qc7 14. Qh3 Ne4 15. Rad1 Ndf6 16. Ndf3 Qb6 17. g4 Nc3 18. g5 Nfe4 19. Rd2 {Sloth,J (2338)-Rasmussen,A (2486) Denmark 2014 0-1 (32)}) 5. Nc3 e6 6. O-O Ngf6 7. Re1 a6 8. Bf1 cxd4 9. exd4 Bb4 10. Bd2 O-O 11. Bd3 Re8 12. a3 Bf8 13. Ne5 Nxe5 14. dxe5 Nd7 15. Bxh7+ Kxh7 16. Ne4 Qxd2 17. Nxd2 Kg8 18. Nf3 Be7 19. Qd4 Nf8 20. Rad1 Bd7 21. h4 Rac8 22. c3 Rc4 23. Qe3 Ng6 24. h5 Nh4 25. Nd4 Rec8 26. g3 Nf5 27. Nxf5 exf5 28. Rxd5 Be6 29. Rd4 R4c5 30. Red1 R8c7 31. h6 Kh7 32. hxg7 Kxg7 33. Kg2 R5c6 34. Rh1 Bc8 35. Rd6 1-0

[Event "Chess.com Rapid Wk14 Swiss"]
[Site "Chess.com INT"]
[Date "2022.05.14"]
[Round "6"]
[White "Oparin, Grigoriy"]
[Black "Motylev, Alexander"]
[Result "1-0"]
[WhiteElo "2685"]
[BlackElo "2633"]
[PlyCount "73"]
[EventDate "2022.05.14"]
[EventType "swiss (rapid)"]
[EventRounds "9"]
[EventCountry "USA"]
[SourceTitle "CBM 208 Extra"]
[Source "ChessBase"]
[SourceDate "2022.07.31"]
[SourceVersion "1"]
[SourceVersionDate "2022.07.31"]
[SourceQuality "1"]

1. Nf3 d5 2. g3 g6 3. c4 dxc4 4. Na3 e5 ({RR} 4... Nc6 5. Nxc4 Bg7 6. Bg2 e5 7. O-O Nge7 8. d3 O-O 9. Bd2 Be6 10. Rc1 a5 11. b3 Qd7 12. Bc3 f6 13. Qc2 b5 14. Ncd2 a4 15. Ne4 axb3 16. axb3 Bf7 17. Bd2 Ra3 18. Nc5 Qd6 19. Nb7 {Petrosian,T (2611)-Carlsen,M (2851) Chess.com INT 2016 ½-½ (101)}) ({RR} 4... Bg7 5. Nxc4 c5 6. Bg2 Nc6 7. d3 Nf6 8. O-O Nd5 9. Bd2 O-O 10. Qc1 b6 11. Bh6 f6 12. Bxg7 Kxg7 13. d4 Nxd4 14. Nxd4 cxd4 15. Rd1 e5 16. e3 Bg4 17. Rd2 Rc8 18. exd4 e4 19. Qf1 {Gomes,M (2320)-Vantika,A (2352) Hatkanangale IND 2023 ½-½ (49)}) ({RR} 4... Nf6 5. Nxc4 Bg7 6. Bg2 O-O 7. d3 c5 8. Be3 Na6 9. O-O Be6 10. Rc1 Bd5 11. a3 Rc8 12. Re1 Ng4 13. Bf4 b5 14. Nce5 Nxe5 15. Bxe5 Bxe5 16. Nxe5 Bxg2 17. Kxg2 Qd4 18. Nf3 Qxb2 19. Rb1 {Oparin,G (2685)-Jones,G (2665) Chess.com INT 2022 ½-½ (57)}) 5. Nxe5 Bxa3 6. Qa4+ b5 $146 ({RR} 6... c6 7. Qxa3 Be6 8. Bg2 Nd7 9. Nxc4 Bxc4 10. Qc3 Ngf6 11. Qxc4 O-O 12. O-O Re8 13. d4 Rc8 14. Bg5 Qa5 15. Bxf6 Nxf6 16. e3 Ne4 17. Rfd1 Qg5 18. Qd3 Nd6 19. Rac1 f5 20. Qa3 Qf6 21. d5 {Hartoch,R (2329)-Janse,J Dieren 1999 1-0}) 7. Qxa3 Bb7 8. Nf3 Nc6 9. Bg2 Nge7 10. O-O Nd4 11. Nxd4 Bxg2 12. Kxg2 Qxd4 13. b3 Qe4+ 14. Kg1 O-O-O 15. bxc4 Nf5 16. Qa6+ Kd7 17. Qxb5+ c6 18. Qb7+ Ke6 19. d3 Qxe2 20. Bg5 Rd7 21. Qxc6+ Rd6 22. Qb7 Rd7 23. Qa6+ Rd6 24. Qxa7 Rd7 25. Qb6+ Rd6 26. Qb7 Rd7 27. Qc6+ Rd6 28. Rfe1 Rxc6 29. Rxe2+ Kd7 30. Rb1 Ra8 31. Rb7+ Rc7 32. Rxc7+ Kxc7 33. g4 Nd4 34. Re7+ Kd6 35. Rxf7 Rxa2 36. Kg2 Ne6 37. Be3 1-0

[Event "Chess.com Rapid Wk14 Swiss"]
[Site "Chess.com INT"]
[Date "2022.05.14"]
[Round "7"]
[White "Puranik, Abhimanyu Sameer"]
[Black "Harsha, Bharathakoti"]
[Result "1-0"]
[WhiteElo "2608"]
[BlackElo "2547"]
[PlyCount "191"]
[EventDate "2022.05.14"]
[EventType "swiss (rapid)"]
[EventRounds "9"]
[EventCountry "USA"]
[SourceTitle "CBM 208 Extra"]
[Source "ChessBase"]
[SourceDate "2022.07.31"]
[SourceVersion "1"]
[SourceVersionDate "2022.07.31"]
[SourceQuality "1"]

1. Nf3 d5 2. c4 d4 3. b4 Bg4 4. Ne5 Bf5 5. Qa4+ c6 6. d3 f6 7. Nf3 e5 8. g3 $146 ({RR} 8. a3 a5 9. b5 Nd7 10. e4 Nc5 11. Qc2 Be6 12. bxc6 bxc6 13. Nbd2 Rb8 14. a4 Rb4 15. Be2 Ne7 16. O-O Nc8 17. Ba3 Rxa4 18. Rfb1 Rxa3 19. Rxa3 Nxe4 20. Raa1 Nc3 21. Re1 Bb4 22. Bf1 Kf7 {Omorere,B (2092)-LAPITE,O (2150) Lagos POR 2023 ½-½ (67)}) 8... Nd7 9. Bg2 a5 10. b5 Nc5 11. Qd1 cxb5 12. cxb5 Bd6 13. O-O Ne7 14. Nbd2 Be6 15. Ba3 O-O 16. Nc4 Bxc4 17. dxc4 Rc8 18. Nd2 f5 19. Bxc5 Bxc5 20. Bxb7 Rb8 21. Bg2 e4 22. Nb3 Qb6 23. f3 f4 24. fxe4 fxg3 25. Qd3 gxh2+ 26. Kh1 Ng6 27. Rf5 Nf4 28. Qf3 Rxf5 29. exf5 Nxg2 30. Qxg2 Kh8 31. a4 Re8 32. Qc6 Qxc6+ 33. bxc6 Bb4 34. Nxd4 Rc8 35. Rd1 Kg8 36. Kxh2 Kf7 37. Ne6 g6 38. c7 Ke7 39. e4 Bd6+ 40. Kg2 Bxc7 41. c5 gxf5 42. exf5 Kf6 43. Rd5 Be5 44. Ng7 Rb8 45. c6 Rc8 46. Rxa5 Rxc6 47. Ne6 Rd6 48. Ng5 Rd7 49. Nf3 Bf4 50. Rb5 Rd3 51. a5 Ra3 52. Nd4 h5 53. Rb6+ Ke5 54. f6 Ra2+ 55. Kf3 Ra3+ 56. Nb3 Bh6 57. f7 Bf8 58. a6 h4 59. Kg4 Ra4+ 60. Kh3 Kf5 61. Rb8 Rxa6 62. Rxf8 Kf6 63. Nc5 Ra3+ 64. Kxh4 Ke7 65. Rc8 Kxf7 66. Rc7+ Kf6 67. Kg4 Ra1 68. Ne4+ Ke5 69. Ng3 Rg1 70. Re7+ Kd6 71. Re2 Ra1 72. Kf4 Ra8 73. Ne4+ Kd5 74. Rd2+ Kc4 75. Nd6+ Kc5 76. Ne4+ Kc4 77. Ke3 Kb3 78. Rd3+ Kb4 79. Nd2 Kb5 80. Rd5+ Kb6 81. Rd4 Re8+ 82. Kd3 Rc8 83. Nc4+ Kc5 84. Ne3 Kb6 85. Rc4 Kb7 86. Rb4+ Ka8 87. Ra4+ Kb8 88. Rb4+ Ka7 89. Nd5 Rc7 90. Kd4 Rb7 91. Ra4+ Kb8 92. Nc3 Ra7 93. Rb4+ Rb7 94. Nb5 Rd7+ 95. Nd6+ Rb7 96. Kc5 1-0

[Event "Chess.com Rapid Wk14 KO"]
[Site "Chess.com INT"]
[Date "2022.05.15"]
[Round "2.1"]
[White "Andreikin, Dmitry"]
[Black "Erigaisi, Arjun Kumar"]
[Result "1-0"]
[WhiteElo "2729"]
[BlackElo "2675"]
[PlyCount "51"]
[EventDate "2022.05.15"]
[EventType "k.o. (rapid)"]
[EventRounds "3"]
[EventCountry "USA"]
[SourceTitle "CBM 208 Extra"]
[Source "ChessBase"]
[SourceDate "2022.07.31"]
[SourceVersion "1"]
[SourceVersionDate "2022.07.31"]
[SourceQuality "1"]

1. Nf3 d5 2. g3 Nf6 3. Bg2 c5 4. O-O g6 5. d4 cxd4 6. Nxd4 Bg7 7. Nb3 Nc6 8. Nc3 e6 9. Be3 ({RR} 9. e4 d4 10. e5 dxc3 11. exf6 Bxf6 12. bxc3 O-O 13. Qf3 Bg7 14. Ba3 Re8 15. Rab1 Qf6 16. Qxf6 Bxf6 17. Rfd1 Bxc3 18. Nc5 Bf6 19. Nxb7 Bxb7 20. Rxb7 Nd4 21. c4 Rac8 22. Bf1 Red8 23. Kg2 a5 {Carlsen,M (2856)-Erigaisi,A (2728) chess24.com INT 2022 1-0 (48)}) 9... O-O 10. a4 $146 ({RR} 10. Qd2 Ng4 11. Bc5 Re8 12. Rfd1 b6 13. Ba3 Nge5 14. Qf4 Nc4 15. Qxc4 dxc4 16. Rxd8 Nxd8 17. Nd2 Bb7 18. Nxc4 Bxg2 19. Kxg2 Nb7 20. Nb5 Red8 21. e4 a6 22. Nbd6 Nxd6 23. Nxd6 Bxb2 24. Bxb2 Rxd6 {Morris-Suzuki,A (1863)-Bukreev,S (2384) chess.com INT 2024 0-1}) 10... b6 11. Qc1 Ba6 12. Rd1 Ng4 13. Bg5 Qc8 14. e4 d4 15. Nb5 h6 16. Bd2 h5 17. h3 Nge5 18. Bh6 Bxh6 19. Qxh6 Nc4 20. N3xd4 Nxd4 21. Nxd4 Nxb2 22. Nf3 Rd8 23. Ng5 Rxd1+ 24. Rxd1 Qe8 25. e5 Nxd1 26. Bc6 1-0

[Event "SEA Rapid 31st"]
[Site "Ha Long"]
[Date "2022.05.16"]
[Round "2.3"]
[White "Yeoh, Li Tian"]
[Black "Le, Quang Liem"]
[Result "1-0"]
[WhiteElo "2523"]
[BlackElo "2709"]
[PlyCount "89"]
[EventDate "2022.05.16"]
[EventType "swiss (rapid)"]
[EventRounds "5"]
[EventCountry "VIE"]
[SourceTitle "CBM 208 Extra"]
[Source "ChessBase"]
[SourceDate "2022.07.31"]
[SourceVersion "1"]
[SourceVersionDate "2022.07.31"]
[SourceQuality "1"]

1. Nf3 d5 2. g3 g6 3. Bg2 Bg7 4. O-O e5 5. c4 dxc4 6. Qa4+ Nc6 7. Na3 Nge7 8. Nxc4 O-O 9. d3 h6 10. Rb1 Be6 11. Qc2 $146 ({RR} 11. b4 a6 12. b5 axb5 13. Qxb5 Rxa2 14. Qxb7 Rxe2 15. Ba3 Qxd3 16. Bxe7 Nxe7 17. Qxc7 Nd5 18. Nfxe5 Qxb1 19. Bxd5 Re1 20. Bg2 Rc8 21. Qa5 Rxf1+ 22. Bxf1 Rxc4 23. Qd8+ Kh7 {0-1 (23) Gan Od,S (2320)-Bortnyk,M (2461) Chess.com INT 2022}) 11... a5 12. a3 Qd7 13. b3 Nd5 14. Bb2 f6 15. d4 exd4 16. Nxd4 Nxd4 17. Bxd4 Qf7 18. Rfd1 Rfd8 19. Qb2 a4 20. bxa4 Rxa4 21. Ne3 Nxe3 22. Bxe3 Rxd1+ 23. Rxd1 b6 24. Bc6 Ra5 25. h4 h5 26. Rd8+ Kh7 27. Qb4 Bg4 28. Qe4 Bf5 29. Qb4 Re5 30. a4 Qe6 31. Qc3 Qa2 32. Bf3 Re7 33. Bd5 Qb1+ 34. Kh2 g5 35. hxg5 fxg5 36. Qc6 Bg6 37. Bxg5 Rf7 38. Bxf7 Bxf7 39. Rd7 Qf5 40. Bf4 h4 41. Qxc7 hxg3+ 42. Bxg3 Kg8 43. Rd8+ Kh7 44. Qf4 Qe6 45. Qh4+ 1-0

[Event "Titled Tuesday intern op 17th May Early"]
[Site "Chess.com INT"]
[Date "2022.05.17"]
[Round "7"]
[White "Nakamura, Hikaru"]
[Black "Neiksans, Arturs"]
[Result "1-0"]
[WhiteElo "2766"]
[BlackElo "2579"]
[PlyCount "113"]
[EventDate "2022.05.17"]
[EventType "swiss (blitz)"]
[EventRounds "11"]
[EventCountry "USA"]
[SourceTitle "CBM 208 Extra"]
[Source "ChessBase"]
[SourceDate "2022.07.31"]
[SourceVersion "1"]
[SourceVersionDate "2022.07.31"]
[SourceQuality "1"]

1. Nf3 f5 2. d3 Nc6 3. d4 e6 4. c4 Nf6 5. d5 Bb4+ 6. Bd2 exd5 7. cxd5 Nxd5 8. Bxb4 Ndxb4 9. e3 $146 ({RR} 9. a3 Na6 10. b4 Qf6 11. Nbd2 Ne5 12. Rc1 Nxf3+ 13. Nxf3 c6 14. e3 Nc7 15. Qb3 d5 16. b5 O-O 17. Be2 Bd7 18. O-O Qd6 19. bxc6 bxc6 20. Rfd1 Rab8 21. Qa4 f4 22. e4 Qe7 23. Qxa7 Rfc8 {Demidov,M (2530)-Chernobay,A (2490) Tuapse 2021 0-1 (45)}) 9... O-O 10. a3 Na6 11. b4 Qf6 12. Ra2 Nab8 13. Rc2 a6 14. Nc3 Ne7 15. Bc4+ Kh8 16. Ne2 c6 17. h4 d5 18. Bb3 Nd7 19. h5 Ng8 20. Nf4 Ne5 21. Nxe5 Qxe5 22. Qd4 Re8 23. Qxe5 Rxe5 24. Kd2 Nf6 25. a4 Bd7 26. Kc3 Kg8 27. Rb2 Kf7 28. Bc2 Re7 29. Bd3 a5 30. bxa5 Rxa5 31. Rxb7 Rxa4 32. Rc7 Ra3+ 33. Kb4 Ra8 34. Rc1 Be8 35. Rxe7+ Kxe7 36. Bxf5 Kd6 37. g4 c5+ 38. Kc3 Ra2 39. f3 Ra3+ 40. Kd2 h6 41. Rb1 Ra2+ 42. Ke1 c4 43. Ne2 Ba4 44. Nd4 Ra3 45. Kf2 Ng8 46. Rb7 Ne7 47. Bh7 Ra2+ 48. Kg3 c3 49. Ra7 Bb3 50. Nb5+ Kc5 51. Rxa2 Bxa2 52. Nxc3 d4 53. Nxa2 dxe3 54. Nc3 Kd4 55. Ne2+ Ke5 56. f4+ Kf6 57. Kf3 1-0

[Event "Titled Tuesday intern op 17th May Early"]
[Site "Chess.com INT"]
[Date "2022.05.17"]
[Round "10"]
[White "Neiksans, Arturs"]
[Black "Shipov, Sergei"]
[Result "1-0"]
[WhiteElo "2579"]
[BlackElo "2541"]
[PlyCount "103"]
[EventDate "2022.05.17"]
[EventType "swiss (blitz)"]
[EventRounds "11"]
[EventCountry "USA"]
[SourceTitle "CBM 208 Extra"]
[Source "ChessBase"]
[SourceDate "2022.07.31"]
[SourceVersion "1"]
[SourceVersionDate "2022.07.31"]
[SourceQuality "1"]

1. e4 e6 2. d3 d5 3. Nd2 c5 4. Ngf3 Nc6 5. g3 Nf6 6. Bg2 g6 7. O-O Bg7 8. Re1 O-O 9. c3 a5 10. a4 b6 11. exd5 exd5 12. Nb3 Bf5 13. Bf4 Qd7 14. d4 c4 15. Nbd2 Ne4 $146 ({RR} 15... Rae8 16. Rxe8 Rxe8 17. b3 Ne4 18. Rc1 Nxd2 19. Nxd2 Bg4 20. f3 Be6 21. Bf1 Ne7 22. bxc4 Rc8 23. c5 bxc5 24. Nb3 cxd4 25. Nxd4 Nf5 26. Nb5 h5 27. Bd3 Bf8 {½-½ (27) Klenburg,M (2368)-Harika,D (2489) Pardubice 2013}) 16. Nxe4 Bxe4 17. b3 Rfe8 18. bxc4 dxc4 19. Ne5 Bxe5 20. Rxe4 Bxf4 21. Rxf4 Rab8 22. Qf3 Nd8 23. h4 b5 24. axb5 Rxb5 25. d5 Qc7 26. Rf6 Qe5 27. Ra4 Rxd5 28. Rxg6+ hxg6 29. Qxd5 Qxc3 30. Rxc4 Qe1+ 31. Bf1 Ne6 32. Ra4 Ng7 33. Qxa5 Qxa5 34. Rxa5 Nh5 35. Ra7 Nf6 36. Bc4 Rf8 37. Kg2 Kg7 38. Rc7 Ne4 39. f3 Nd6 40. Bd5 Rd8 41. g4 Kf6 42. f4 Kg7 43. g5 Kf8 44. Kf3 Ke8 45. Kg4 Kf8 46. h5 gxh5+ 47. Kxh5 Kg7 48. Kg4 Kg6 49. f5+ Kg7 50. f6+ Kg6 51. Rxf7 Rb8 52. Rg7# 1-0

[Event "Titled Tuesday intern op 17th May Late"]
[Site "Chess.com INT"]
[Date "2022.05.17"]
[Round "9"]
[White "Indjic, Aleksandar"]
[Black "Vasquez Schroder, Rodrigo Rafael"]
[Result "1-0"]
[WhiteElo "2621"]
[BlackElo "2506"]
[PlyCount "59"]
[EventDate "2022.05.17"]
[EventType "swiss (blitz)"]
[EventRounds "11"]
[EventCountry "USA"]
[SourceTitle "CBM 208 Extra"]
[Source "ChessBase"]
[SourceDate "2022.07.31"]
[SourceVersion "1"]
[SourceVersionDate "2022.07.31"]
[SourceQuality "1"]

1. e3 c5 2. Nf3 Nf6 3. a3 ({RR} 3. b3 g6 4. Ba3 b6 5. d4 cxd4 6. exd4 Bg7 7. Bd3 O-O 8. O-O Bb7 9. Re1 Re8 10. c4 d6 11. Nc3 Nbd7 12. Rc1 Rc8 13. Bb4 a6 14. Bf1 e5 15. d5 Nc5 16. Ba3 Bh6 17. Rc2 Nh5 {Djokic,M (2269)-Yang,Z (2314) Pozarevac SRB 2024 ½-½ (64)}) 3... b6 $146 ({RR} 3... Nc6 4. Nc3 g6 5. h3 Bg7 6. Be2 d5 7. d4 cxd4 8. exd4 O-O 9. O-O Ne4 10. Nb1 Qb6 11. c3 Re8 12. Ng5 Nxg5 13. Bxg5 Qxb2 14. Nd2 Qxc3 15. Qa4 Qxd4 16. Qxd4 Nxd4 17. Rae1 Nxe2+ 18. Rxe2 {Plietz,B-Gerloff,B Baunatal 2000 0-1}) ({RR} 3... e6 4. Be2 b6 5. O-O Bb7 6. d3 Be7 7. Nbd2 O-O 8. Re1 d5 9. Nf1 Nc6 10. Ng3 Qc7 11. b3 Rad8 12. Bb2 Rfe8 13. c4 d4 14. exd4 cxd4 15. b4 e5 16. Nd2 a5 17. b5 Nb8 18. Bf3 {Terry,R (2520)-Martinez Alcantara,J (2619) chess.com INT 2023 0-1 (36)}) 4. b4 Bb7 5. bxc5 bxc5 6. c4 e6 7. Nc3 Nc6 8. Rb1 Rb8 9. Be2 Be7 10. O-O O-O 11. Bb2 Ba8 12. Qc2 d6 13. h3 h6 14. d4 cxd4 15. exd4 Na5 16. Nd2 a6 17. Ba1 Qc7 18. Rxb8 Rxb8 19. Rb1 Rxb1+ 20. Qxb1 e5 21. d5 Nb7 22. Na4 Nd7 23. Bc3 Nbc5 24. Qb4 Nxa4 25. Qxa4 Bb7 26. Ba5 Nb6 27. Qb4 Bd8 28. Ne4 Nxd5 29. Bxc7 Nxb4 30. Bxd8 1-0